|
|
|
|
| LEADER |
03549nam a22006135i 4500 |
| 001 |
978-3-319-28284-8 |
| 003 |
DE-He213 |
| 005 |
20180228002030.0 |
| 007 |
cr nn 008mamaa |
| 008 |
160219s2016 gw | s |||| 0|eng d |
| 020 |
|
|
|a 9783319282848
|9 978-3-319-28284-8
|
| 024 |
7 |
|
|a 10.1007/978-3-319-28284-8
|2 doi
|
| 040 |
|
|
|d GrThAP
|
| 050 |
|
4 |
|a QH505
|
| 072 |
|
7 |
|a PHVN
|2 bicssc
|
| 072 |
|
7 |
|a PHVD
|2 bicssc
|
| 072 |
|
7 |
|a SCI009000
|2 bisacsh
|
| 082 |
0 |
4 |
|a 571.4
|2 23
|
| 100 |
1 |
|
|a Bhushan, Bharat.
|e author.
|
| 245 |
1 |
0 |
|a Biomimetics
|h [electronic resource] :
|b Bioinspired Hierarchical-Structured Surfaces for Green Science and Technology /
|c by Bharat Bhushan.
|
| 250 |
|
|
|a 2nd ed. 2016.
|
| 264 |
|
1 |
|a Cham :
|b Springer International Publishing :
|b Imprint: Springer,
|c 2016.
|
| 300 |
|
|
|a XXII, 591 p. 303 illus., 142 illus. in color.
|b online resource.
|
| 336 |
|
|
|a text
|b txt
|2 rdacontent
|
| 337 |
|
|
|a computer
|b c
|2 rdamedia
|
| 338 |
|
|
|a online resource
|b cr
|2 rdacarrier
|
| 347 |
|
|
|a text file
|b PDF
|2 rda
|
| 490 |
1 |
|
|a Biological and Medical Physics, Biomedical Engineering,
|x 1618-7210
|
| 505 |
0 |
|
|a Introduction -- Roughness-Induced Superomniphobic Surfaces: Lessons from Nature -- Modeling of Contact Angle for a Liquid in Contact with a Rough Surface -- Lotus Effect Surfaces in Nature -- Fabrication Techniques used for Structures with Superhydrophobicity, Self-Cleaning, Low Adhesion/Low Drag with Antifouling Properties -- Fabrication and Characterization of Micro-, Nano- and Hierarchical Structured Surfaces -- Fabrication and Characterization of Micropatterned Structures Inspired by Salvinia Molesta -- Characterization of Rose Petals and Fabrication and Characterization of Superhydrophobic Surfaces with High and Low Adhesion -- Modeling, Fabrication and Characterization of Oleophobic/philic Surfaces -- Shark-Skin Surface for Fluid-Drag Reduction in Turbulent Flow -- Gecko Adhesion -- Outlook.
|
| 520 |
|
|
|a This revised, updated and expanded new edition presents an overview of biomimetics and biologically inspired structured surfaces. It deals with various examples of biomimetics which include surfaces with roughness-induced superomniphobicity, self-cleaning, antifouling, and controlled adhesion. The focus in the book is on the Lotus Effect, Salvinia Effect, Rose Petal Effect, Oleophobic/philic Surfaces, Shark Skin Effect, and Gecko Adhesion. This new edition also contains new chapters on the butterfly wing effect, bio- and inorganic fouling and structure and Properties of Nacre and structural coloration.
|
| 650 |
|
0 |
|a Physics.
|
| 650 |
|
0 |
|a Surfaces (Physics).
|
| 650 |
|
0 |
|a Interfaces (Physical sciences).
|
| 650 |
|
0 |
|a Thin films.
|
| 650 |
|
0 |
|a Biophysics.
|
| 650 |
|
0 |
|a Biological physics.
|
| 650 |
|
0 |
|a Nanotechnology.
|
| 650 |
|
0 |
|a Tribology.
|
| 650 |
|
0 |
|a Corrosion and anti-corrosives.
|
| 650 |
|
0 |
|a Coatings.
|
| 650 |
|
0 |
|a Materials
|x Surfaces.
|
| 650 |
1 |
4 |
|a Physics.
|
| 650 |
2 |
4 |
|a Biophysics and Biological Physics.
|
| 650 |
2 |
4 |
|a Nanotechnology.
|
| 650 |
2 |
4 |
|a Surface and Interface Science, Thin Films.
|
| 650 |
2 |
4 |
|a Tribology, Corrosion and Coatings.
|
| 650 |
2 |
4 |
|a Surfaces and Interfaces, Thin Films.
|
| 710 |
2 |
|
|a SpringerLink (Online service)
|
| 773 |
0 |
|
|t Springer eBooks
|
| 776 |
0 |
8 |
|i Printed edition:
|z 9783319282824
|
| 830 |
|
0 |
|a Biological and Medical Physics, Biomedical Engineering,
|x 1618-7210
|
| 856 |
4 |
0 |
|u http://dx.doi.org/10.1007/978-3-319-28284-8
|z Full Text via HEAL-Link
|
| 912 |
|
|
|a ZDB-2-PHA
|
| 950 |
|
|
|a Physics and Astronomy (Springer-11651)
|